000 00617nam a2200217Ia 4500
005 20250508165842.0
008 008 250505s9999 xx 000 0 hin d
020 _a978-81-7033-317-3
037 _aTextBook
040 _aFEDL
_beng
_cFEDL
041 _ahin
_2hin
084 _a301.01, WEB/R
_qFEDL
100 _aDoshi Shambhu Lal
_9230140
245 0 _aMax weber: Samajshastriya adhyayan
260 _aJaipur, India
_bRawat Publications
_c1996
300 _a158p.
365 _aINR
_b550
700 _a Jain Prakash Chandra
_9782204
942 _cTB
_h301.01, WEB/R
999 _c1397816
_d1397816